Report of Punjab Pay Commission, 1977-79 (Record no. 489321)

000 -LEADER
fixed length control field 00391cam a22001337a 4500
008 - FIXED-LENGTH DATA ELEMENTS--GENERAL INFORMATION
fixed length control field 180718b1979 xxu||||| |||| 00| 0 eng d
082 ## - DEWEY DECIMAL CLASSIFICATION NUMBER
Classification number K23x5433 P969/1977-79
100 ## - MAIN ENTRY--PERSONAL NAME
Personal name Punjab. Pay Commission
245 ## - TITLE STATEMENT
Title Report of Punjab Pay Commission, 1977-79
260 ## - PUBLICATION, DISTRIBUTION, ETC.
Place of publication, distribution, etc. Chandigarh
Name of publisher, distributor, etc. The author
Date of publication, distribution, etc. 1979
300 ## - PHYSICAL DESCRIPTION
Extent 470+p.
500 ## - GENERAL NOTE
General note Chairman: D.K. Mahajan
700 ## - ADDED ENTRY--PERSONAL NAME
Personal name Mahajan, D.K. (Chairman)
Holdings
Withdrawn status Lost status Damaged status Not for loan Permanent Location Current Location Date acquired Full call number Barcode Date last seen Price effective from Koha item type
        Indian Institute of Public Administration Indian Institute of Public Administration 2018-08-04 K23x5433 P969/1977-79 G15313 2018-08-04 2018-08-04 G

Powered by Koha